000 00347nam a2200133Ia 4500
005 20251222153642.0
008 251222s9999||||xx |||||||||||||| ||spa||
082 _a261/C28
100 _aCarena, Domenica
245 0 _aSan Giuseppe Cottolengo tra spiritualità e carisma
250 _a1ra.ed.
264 _bEdizione Fuori Commercio
942 _cLIB
999 _c32763
_d32763